Innovaciones científicas en la reproducción humana: aspectos biológicos, psicosociales, antropológicos, éticos y jurídicos
Saved in:
| 格式: | 图书 |
|---|---|
| 语言: | 西班牙语 |
| 出版: |
Salamanca
San Esteban
1987
|
| 丛编: | Aletheia, 6
|
| 主题: | |
| 标签: |
添加标签
没有标签, 成为第一个标记此记录!
|
MARC
| LEADER | 00000nam a2200000 a 4500 | ||
|---|---|---|---|
| 001 | UCV2799 | ||
| 003 | CL-VaPUC | ||
| 005 | 20241018085852.0 | ||
| 008 | 921111e19870000sp 1 spa d | ||
| 082 | 0 | 4 | |a 176 |b INN |2 21 |
| 245 | 1 | 0 | |a Innovaciones científicas en la reproducción humana: aspectos biológicos, psicosociales, antropológicos, éticos y jurídicos |
| 260 | |a Salamanca |b San Esteban |c 1987 | ||
| 300 | |a 447 p | ||
| 490 | 0 | |a Aletheia, 6 | |
| 583 | |a last modification |c 19921111 00:00:00 |k Rodrigo Vera | ||
| 650 | 0 | 0 | |a Bioética |9 256117 |
| 650 | 0 | 0 | |a Derecho y legislación |9 255077 |
| 650 | 0 | 0 | |a Reproducción humana |9 257469 |
| 650 | 0 | 0 | |a Aspectos morales y éticos |9 255877 |
| 942 | |c BK | ||
| 945 | |d 19921111 00:00:00 | ||
| 546 | |a En Español | ||
| 518 | |p Congreso de Bioética, 1, Valladolid, 15-17 de Mayo de 1986 | ||
| 999 | |c 381933 |d 381931 | ||
| 952 | |0 0 |1 0 |4 0 |6 176_000000000000000_INN_1987 |7 0 |8 DER_TF |9 503258 |a BIBDER |b BIBDER |d 2020-01-23 |i 253875K |o 176 INN 1987 |p 253875K |r 2023-01-25 |w 2020-01-23 |x Ubicación 4to Piso |y BK |z Estos recursos deben solicitarse con anticipación |k DER | ||